Πέρα απο την καταστροφή : μικρασιάτες πρόσφυγες στην Ελλάδα του μεσοπολέμου
Αποθηκεύτηκε σε:
| Συγγραφή απο Οργανισμό/Αρχή: | |
|---|---|
| Άλλοι συγγραφείς: | |
| Μορφή: | Βιβλίο |
| Γλώσσα: | Greek |
| Δημοσίευση: |
Αθήνα :
Ίδρυμα Μείζονος Ελληνισμού,
2003
|
| Θέματα: | |
| Ετικέτες: |
Προσθήκη ετικέτας
Δεν υπάρχουν, Καταχωρήστε ετικέτα πρώτοι!
|
MARC
| LEADER | 00000cam a2200000 i 4500 | ||
|---|---|---|---|
| 001 | 1/66816 | ||
| 008 | 041125s2003 gre d | ||
| 020 | |a 960-7957-20-2 | ||
| 035 | |l 10075466 | ||
| 040 | |a GR-MY-UA |b gre |e aacr | ||
| 041 | 0 | |a gre | |
| 082 | 0 | |a 938.726 |2 (21) | |
| 245 | 1 | 0 | |a Πέρα απο την καταστροφή : |b μικρασιάτες πρόσφυγες στην Ελλάδα του μεσοπολέμου |
| 260 | |a Αθήνα : |b Ίδρυμα Μείζονος Ελληνισμού, |c 2003 | ||
| 300 | |a 190 σ.; |b εικ.; |c 25 εκ. | ||
| 500 | |a Υπο την αιγίδα της Βουλής των Ελλήνων | ||
| 504 | |a Περιέχει βιβλιογραφικές αναφορές | ||
| 650 | 0 | 0 | |a Greco-Turkish War, 1921-1922 |x Refugees. |
| 650 | 0 | 0 | |a Population transfers |x Greeks |x History |y 20th century. |
| 650 | 0 | 0 | |a Refugees |x Government policy |z Greece |x History. |
| 700 | 1 | |a Τζεδόπουλος, Γιώργος. |4 edt | |
| 710 | 2 | |a Ίδρυμα Μείζονος Ελληνισμού. | |
| 852 | |a INST |b LESVOS |e 20041125 |h 938.726 ΠΕΡ |p 005100030356 |q 005100030356 |t BK |y 0 | ||
| 901 | |a BIBL1-2004-3 | ||
| 909 | |a Λ |b 115584 | ||
| 970 | |a ΤΖΑΦΕΡΗ |b ΕΥΑΓΓΕΛΙΑ |z 2004/11/25 | ||